[Event "11th Arad Open 2018"]
[Site "Arad"]
[Date "2018.08.12"]
[Round "9"]
[White "Nicora, Cristi"]
[Black "Tiba, Vladyslav"]
[Result "0-1"]
[WhiteElo "2158"]
[BlackElo "2356"]
[Annotator "NA"]
[PlyCount "80"]
[EventDate "2018.08.05"]
[EventType "swiss"]
[EventCountry "ROU"]
[SourceTitle "playchess.com"]
[Source "ChessBase"]
[SourceQuality "1"]
[TimeControl "40/5400+30:1800+30"]

1. e4 {[%emt 0:00:00]} c5 {[%emt 0:00:01]} 2. Nf3 {[%emt 0:00:35]} e6 {[%emt 0:00:14]} 3. d4 {[%emt 0:00:11]} cxd4 {[%emt 0:00:09]} 4. Nxd4 {[%emt 0:00:07]} a6 {[%emt 0:00:10]} 5. Bd3 {[%emt 0:00:11]} Nf6 $14 {[%emt 0:00:30] LiveBook: 4298 Games} 6. O-O {[%emt 0:01:03]} Qc7 {[%emt 0:00:22]} 7. Nc3 {[%emt 0:01:23]} d6 {[%emt 0:00:43]} 8. a4 {[%emt 0:01:04]} Be7 {[%emt 0:01:04]} 9. Be3 {[%emt 0:00:57]} Nbd7 {[%emt 0:01:21]} 10. f4 {[%emt 0:00:14]} b6 {[%emt 0:04:29]} 11. Qf3 {[%emt 0:01:13]} Bb7 {[%emt 0:01:32]} 12. g4 {[%emt 0:01:33]} h6 {[%emt 0:33:35]} 13. g5 {[%emt 0:03:46]} hxg5 {[%emt 0:02:56]} 14. fxg5 {[%emt 0:00:06]} Ne5 {[%emt 0:00:09]} 15. Qg2 {[%emt 0:36:37]} Nfg4 {[%emt 0:01:51]} 16. Bf4 {[%emt 0:00:35]} Qc5 {[%emt 0:11:01]} 17. Nce2 {[%emt 0:00:39]} Bxg5 {[%emt 0:08:46]} 18. b4 {[%emt 0:19:15]} Bxf4 {[%emt 0:01:18]} 19. Rxf4 {[%emt 0:02:42]} Qxb4 {[%emt 0:02:27]} 20. Rxg4 {[%emt 0:02:10]} Nxg4 {[%emt 0:00:03]} 21. Qxg4 {[%emt 0:00:04]} O-O-O {[%emt 0:03:02]} 22. Qg3 {[%emt 0:07:53]} Qc5 {[%emt 0:02:51]} 23. Qf2 {[%emt 0:00:23]} e5 {[%emt 0:03:58]} 24. Nf3 {[%emt 0:02:24]} Qxf2+ {[%emt 0:02:08]} 25. Kxf2 {[%emt 0:00:02]} f5 {[%emt 0:00:08]} 26. Bc4 {[%emt 0:10:27]} fxe4 {[%emt 0:00:25]} 27. Be6+ {[%emt 0:01:21]} Kb8 {[%emt 0:00:18]} 28. Ng5 {[%emt 0:00:17]} Rxh2+ {[%emt 0:00:29]} 29. Ke3 {[%emt 0:00:01]} d5 {[%emt 0:05:47]} 30. c3 {[%emt 0:00:03]} Rg2 {[%emt 0:00:57]} 31. Nf7 {[%emt 0:00:39]} Re8 {[%emt 0:00:27]} 32. Bh3 {[%emt 0:01:32]} d4+ {[%emt 0:00:43]} 33. cxd4 {[%emt 0:01:22]} exd4+ {[%emt 0:00:05]} 34. Kd2 {[%emt 0:00:14]} e3+ {[%emt 0:02:11]} 35. Kd3 {[%emt 0:03:57]} Be4+ {[%emt 0:00:07]} 36. Kc4 {[%emt 0:00:29]} Rxe2 {[%emt 0:00:37]} 37. Nd6 {[%emt 0:00:03]} Rc2+ {[%emt 0:01:40]} 38. Kb3 {[%emt 0:00:04]} Rc3+ {[%emt 0:00:27]} 39. Kb4 {[%emt 0:01:20]} a5+ {[%emt 0:00:59]} 40. Kb5 {[%emt 0:00:00]} Ka7 {[%emt 0:00:00]} 0-1

[Event "11th Arad Open 2018"]
[Site "Arad"]
[Date "2018.08.12"]
[Round "9"]
[White "Ciorica, Mihai-Vlad"]
[Black "Florescu, Codrut-Constantin"]
[Result "1-0"]
[WhiteElo "2110"]
[BlackElo "2295"]
[Annotator "NA"]
[PlyCount "45"]
[EventDate "2018.08.05"]
[EventType "swiss"]
[EventCountry "ROU"]
[SourceTitle "playchess.com"]
[Source "ChessBase"]
[SourceQuality "1"]
[TimeControl "40/5400+30:1800+30"]

1. d4 {[%emt 0:00:00]} Nf6 {[%emt 0:11:31]} 2. c4 {[%emt 0:00:00]} d6 {[%emt 0:00:22]} 3. Nc3 {[%emt 0:00:13]} Nbd7 {[%emt 0:00:06]} 4. e4 {[%emt 0:00:25]} e5 {[%emt 0:00:07]} 5. d5 {[%emt 0:01:00]} Be7 {[%emt 0:00:07]} 6. f3 {[%emt 0:00:37]} O-O {[%emt 0:00:48]} 7. Be3 {[%emt 0:00:05]} c6 {[%emt 0:00:26]} 8. Qd2 {[%emt 0:02:11]} cxd5 {[%emt 0:00:12]} 9. cxd5 {[%emt 0:00:18]} Re8 {[%emt 0:00:08]} 10. Bd3 {[%emt 0:06:11]} Bf8 {[%emt 0:00:08]} 11. Nge2 {[%emt 0:00:17]} a6 {[%emt 0:00:08]} 12. a4 {[%emt 0:00:52]} g6 {[%emt 0:00:30]} 13. a5 {[%emt 0:02:27]} Bg7 {[%emt 0:00:12]} 14. Na4 {[%emt 0:01:06]} Rf8 {[%emt 0:00:17]} 15. Rc1 {[%emt 0:01:41]} Nh5 {[%emt 0:00:20]} 16. O-O {[%emt 0:09:21]} f5 {[%emt 0:00:14]} 17. Nb6 {[%emt 0:02:59]} Nxb6 {[%emt 0:00:08]} 18. Bxb6 {[%emt 0:00:07]} Qf6 {[%emt 0:00:14]} 19. Rc7 {[%emt 0:29:48]} f4 {[%emt 0:00:13]} 20. Rfc1 {[%emt 0:00:41]} g5 {[%emt 0:00:30]} 21. h3 {[%emt 0:04:35]} h6 {[%emt 0:00:07]} 22. R1c2 {[%emt 0:01:40]} Kh8 {[%emt 0:02:20]} 23. Qc1 1-0

[Event "11th Arad Open 2018"]
[Site "Arad"]
[Date "2018.08.12"]
[Round "9"]
[White "David, Bogdan-Emanuel"]
[Black "Cerbulenco, Liviu"]
[Result "1-0"]
[WhiteElo "2104"]
[BlackElo "2287"]
[Annotator "NA"]
[PlyCount "71"]
[EventDate "2018.08.05"]
[EventType "swiss"]
[EventCountry "ROU"]
[SourceTitle "playchess.com"]
[Source "ChessBase"]
[SourceQuality "1"]
[TimeControl "40/5400+30:1800+30"]

1. e4 {[%emt 0:01:04]} g6 {[%emt 0:00:00]} 2. d4 {[%emt 0:01:12]} Bg7 {[%emt 0:00:00]} 3. Nc3 {[%emt 0:00:31]} d6 {[%emt 0:00:00]} 4. Be3 {[%emt 0:00:58]} a6 {[%emt 0:00:00]} 5. a4 {[%emt 0:01:16]} b6 {[%emt 0:04:29]} 6. Bd3 {[%emt 0:06:06]} Bb7 {[%emt 0:01:49]} 7. Nce2 {[%emt 0:07:21]} Nd7 {[%emt 0:07:40]} 8. Ng3 {[%emt 0:02:44]} Ngf6 {[%emt 0:00:26]} 9. Nf3 {[%emt 0:06:46]} O-O {[%emt 0:06:52]} 10. O-O {[%emt 0:06:47]} e5 {[%emt 0:00:44]} 11. dxe5 {[%emt 0:01:22]} dxe5 {[%emt 0:01:58]} 12. h3 {[%emt 0:00:30]} Qe7 {[%emt 0:00:33]} 13. Qe2 {[%emt 0:05:39]} Nc5 {[%emt 0:01:00]} 14. Bd2 {[%emt 0:00:21]} a5 {[%emt 0:01:29]} 15. Bc3 {[%emt 0:01:24]} Nxd3 {[%emt 0:00:05]} 16. cxd3 {[%emt 0:00:10]} Nd7 {[%emt 0:00:07]} 17. Rfd1 {[%emt 0:00:54]} Rad8 {[%emt 0:07:56]} 18. d4 {[%emt 0:04:05]} exd4 {[%emt 0:02:00]} 19. Nxd4 {[%emt 0:00:25]} Nc5 {[%emt 0:00:28]} 20. Ndf5 {[%emt 0:04:16]} gxf5 {[%emt 0:05:46]} 21. Bxg7 {[%emt 0:12:32]} Rxd1+ {[%emt 0:10:37]} 22. Rxd1 {[%emt 0:00:08]} Re8 {[%emt 0:00:32]} 23. e5 {[%emt 0:03:46]} Qg5 {[%emt 0:04:57]} 24. Bf6 {[%emt 0:02:16]} Qg6 {[%emt 0:00:05]} 25. h4 {[%emt 0:03:31]} h6 {[%emt 0:08:03]} 26. Qd2 {[%emt 0:08:30]} Kh7 {[%emt 0:04:09]} 27. Qf4 {[%emt 0:04:44]} Rg8 {[%emt 0:04:34]} 28. Qc4 {[%emt 0:03:26]} Ne6 {[%emt 0:10:37]} 29. Rd7 {[%emt 0:00:47]} Re8 {[%emt 0:00:02]} 30. h5 {[%emt 0:01:36]} Qg4 {[%emt 0:00:54]} 31. Rxf7+ {[%emt 0:00:28]} Kg8 {[%emt 0:00:04]} 32. Rg7+ {[%emt 0:00:11]} Qxg7 {[%emt 0:00:25]} 33. Bxg7 {[%emt 0:00:05]} Kxg7 {[%emt 0:00:11]} 34. Nxf5+ {[%emt 0:00:08]} Kf8 {[%emt 0:01:56]} 35. Qh4 {[%emt 0:02:01]} Ng5 {[%emt 0:00:51]} 36. Nxh6 {[%emt 0:00:53]} 1-0

[Event "11th Arad Open 2018"]
[Site "Arad"]
[Date "2018.08.12"]
[Round "9"]
[White "Chima, Radu-Niculin"]
[Black "Pisu, Robert-Daniel"]
[Result "1/2-1/2"]
[WhiteElo "2094"]
[BlackElo "2282"]
[Annotator "NA"]
[PlyCount "33"]
[EventDate "2018.08.05"]
[EventType "swiss"]
[EventCountry "ROU"]
[SourceTitle "playchess.com"]
[Source "ChessBase"]
[SourceQuality "1"]
[TimeControl "40/5400+30:1800+30"]

1. e4 {[%emt 0:00:00]} c6 {[%emt 0:02:41]} 2. d4 {[%emt 0:02:39]} d5 {[%emt 0:00:28]} 3. Nd2 {[%emt 0:00:08]} g6 {[%emt 0:01:26]} 4. Ngf3 {[%emt 0:01:22]} Bg7 {[%emt 0:00:58]} 5. c3 {[%emt 0:00:26]} Nh6 {[%emt 0:04:42]} 6. Bd3 {[%emt 0:00:36]} O-O {[%emt 0:00:41]} 7. O-O {[%emt 0:00:38]} dxe4 {[%emt 0:04:33]} 8. Nxe4 {[%emt 0:00:44]} Nf5 {[%emt 0:01:03]} 9. Re1 {[%emt 0:05:09]} Nd7 {[%emt 0:08:24]} 10. Bf4 {[%emt 0:03:49]} Nf6 {[%emt 0:08:06]} 11. Be5 {[%emt 0:03:52]} Nxe4 {[%emt 0:00:59]} 12. Bxe4 {[%emt 0:00:32]} Nd6 {[%emt 0:05:14]} 13. Bxg7 {[%emt 0:00:42]} Kxg7 {[%emt 0:00:06]} 14. Bd3 {[%emt 0:02:58]} Bf5 {[%emt 0:07:54]} 15. Bxf5 {[%emt 0:01:11]} Nxf5 {[%emt 0:00:06]} 16. Qb3 {[%emt 0:01:05]} Qc7 17. d5 1/2-1/2

[Event "11th Arad Open 2018"]
[Site "Arad"]
[Date "2018.08.12"]
[Round "9"]
[White "Talu, Mircea"]
[Black "Cvetkovic, Srdjan"]
[Result "1/2-1/2"]
[WhiteElo "2092"]
[BlackElo "2252"]
[Annotator "NA"]
[PlyCount "28"]
[EventDate "2018.08.05"]
[EventType "swiss"]
[EventCountry "ROU"]
[SourceTitle "playchess.com"]
[Source "ChessBase"]
[SourceQuality "1"]
[TimeControl "40/5400+30:1800+30"]

1. d4 {[%emt 0:01:22]} Nf6 {[%emt 0:00:00]} 2. c4 {[%emt 0:00:12]} e6 {[%emt 0:00:25]} 3. Nf3 {[%emt 0:00:20]} d5 {[%emt 0:00:54]} 4. Bg5 {[%emt 0:00:27]} Be7 {[%emt 0:16:58]} 5. Nc3 {[%emt 0:03:00]} Nbd7 {[%emt 0:02:47]} 6. cxd5 {[%emt 0:00:31]} exd5 {[%emt 0:01:04]} 7. e3 {[%emt 0:00:20]} c6 {[%emt 0:01:37]} 8. Bd3 {[%emt 0:02:10]} Ne4 {[%emt 0:01:58]} 9. Bxe7 {[%emt 0:06:03]} Qxe7 {[%emt 0:00:28]} 10. O-O {[%emt 0:00:39]} Ndf6 {[%emt 0:03:48]} 11. Qc2 {[%emt 0:02:12]} Bf5 {[%emt 0:05:24]} 12. Nd2 {[%emt 0:03:19]} Nxd2 {[%emt 0:14:29]} 13. Qxd2 {[%emt 0:00:25]} Bxd3 {[%emt 0:00:10]} 14. Qxd3 {[%emt 0:00:06]} O-O 1/2-1/2

[Event "11th Arad Open 2018"]
[Site "Arad"]
[Date "2018.08.12"]
[Round "9"]
[White "Visanescu, Daria-Ioana"]
[Black "Geiger, Alex-Emanuel"]
[Result "1/2-1/2"]
[WhiteElo "2075"]
[BlackElo "2229"]
[Annotator "NA"]
[PlyCount "30"]
[EventDate "2018.08.05"]
[EventType "swiss"]
[EventCountry "ROU"]
[SourceTitle "playchess.com"]
[Source "ChessBase"]
[SourceQuality "1"]
[TimeControl "40/5400+30:1800+30"]

1. e4 {[%emt 0:00:00]} c5 {[%emt 0:00:36]} 2. c3 {[%emt 0:00:00]} d5 {[%emt 0:00:35]} 3. exd5 {[%emt 0:00:00]} Qxd5 {[%emt 0:00:07]} 4. d4 {[%emt 0:00:02]} e6 {[%emt 0:00:19] LiveBook: 1293 Games} 5. Nf3 $11 {[%emt 0:00:13]} Nf6 {[%emt 0:00:33]} 6. Be2 {[%emt 0:00:47]} Be7 {[%emt 0:04:24]} 7. Be3 {[%emt 0:01:21]} O-O {[%emt 0:05:54]} 8. O-O {[%emt 0:03:57]} Rd8 {[%emt 0:05:07]} 9. c4 {[%emt 0:11:36]} Qd7 {[%emt 0:04:04]} 10. Nc3 {[%emt 0:01:52]} cxd4 {[%emt 0:04:54]} 11. Qxd4 {[%emt 0:06:57]} Nc6 {[%emt 0:04:01]} 12. Qf4 {[%emt 0:01:51]} Nh5 {[%emt 0:06:46]} 13. Qg4 {[%emt 0:03:59]} Nf6 {[%emt 0:00:06]} 14. Qf4 {[%emt 0:10:16]} Nh5 {[%emt 0:00:06]} 15. Qg4 {[%emt 0:13:05]} Nf6 {[%emt 0:00:05]} 1/2-1/2

[Event "11th Arad Open 2018"]
[Site "Arad"]
[Date "2018.08.12"]
[Round "9"]
[White "Paraschiv, Paul-Alexandru"]
[Black "Stoleriu, George"]
[Result "0-1"]
[WhiteElo "2074"]
[BlackElo "2392"]
[Annotator "NA"]
[PlyCount "68"]
[EventDate "2018.08.05"]
[EventType "swiss"]
[EventCountry "ROU"]
[SourceTitle "playchess.com"]
[Source "ChessBase"]
[SourceQuality "1"]
[TimeControl "40/5400+30:1800+30"]

1. d4 {[%emt 0:02:30]} Nf6 {[%emt 0:00:00]} 2. Nf3 {[%emt 0:00:26]} e6 {[%emt 0:00:00]} 3. e3 {[%emt 0:03:45]} b6 {[%emt 0:01:37]} 4. Bd3 {[%emt 0:00:19]} Bb7 {[%emt 0:00:05]} 5. O-O {[%emt 0:00:09]} g6 {[%emt 0:02:34]} 6. c4 {[%emt 0:03:17]} Bg7 {[%emt 0:00:11]} 7. Nc3 {[%emt 0:00:16]} d6 {[%emt 0:00:51]} 8. e4 {[%emt 0:01:09]} O-O {[%emt 0:01:22]} 9. h3 {[%emt 0:01:50]} Nbd7 {[%emt 0:02:20]} 10. Re1 {[%emt 0:02:13]} e5 {[%emt 0:00:57]} 11. d5 {[%emt 0:00:40]} Nc5 {[%emt 0:01:35]} 12. b4 {[%emt 0:03:09]} Nxd3 {[%emt 0:00:19]} 13. Qxd3 {[%emt 0:00:02]} a5 {[%emt 0:00:05]} 14. bxa5 {[%emt 0:02:44]} Rxa5 {[%emt 0:00:12]} 15. Bd2 {[%emt 0:00:37]} Nd7 {[%emt 0:02:14]} 16. Nb5 {[%emt 0:04:20]} Nc5 {[%emt 0:00:09]} 17. Qc2 {[%emt 0:00:06]} Ra8 {[%emt 0:00:45]} 18. Nc3 {[%emt 0:14:32]} Qd7 {[%emt 0:01:02]} 19. a4 {[%emt 0:01:53]} f5 {[%emt 0:00:38]} 20. Reb1 {[%emt 0:02:51]} Ba6 {[%emt 0:05:56]} 21. Rb4 {[%emt 0:02:54]} fxe4 {[%emt 0:00:53]} 22. Nxe4 {[%emt 0:05:13]} Qf5 {[%emt 0:00:16]} 23. Re1 {[%emt 0:00:07]} Nxe4 {[%emt 0:00:23]} 24. Qxe4 {[%emt 0:00:32]} Qxe4 {[%emt 0:00:17]} 25. Rxe4 {[%emt 0:00:02]} Bc8 {[%emt 0:00:06]} 26. Re3 {[%emt 0:02:06]} Bd7 {[%emt 0:12:15]} 27. Ra3 {[%emt 0:00:07]} e4 {[%emt 0:00:28]} 28. Ng5 {[%emt 0:02:02]} Rfe8 {[%emt 0:06:00]} 29. Bc3 {[%emt 0:13:53]} Bxc3 {[%emt 0:04:48]} 30. Rab3 Bxb4 31. Rxb4 {[%emt 0:00:31]} h6 {[%emt 0:00:36]} 32. Ne6 {[%emt 0:00:09]} Bxe6 {[%emt 0:00:04]} 33. dxe6 {[%emt 0:00:02]} Rxe6 {[%emt 0:00:06]} 34. Kf1 {[%emt 0:00:30]} Rf8 {[%emt 0:01:31]} 0-1

[Event "11th Arad Open 2018"]
[Site "Arad"]
[Date "2018.08.12"]
[Round "9"]
[White "Bai, Adelard"]
[Black "Weinzettl, Ernst"]
[Result "1/2-1/2"]
[WhiteElo "2071"]
[BlackElo "2215"]
[Annotator "NA"]
[PlyCount "54"]
[EventDate "2018.08.05"]
[EventType "swiss"]
[EventCountry "ROU"]
[SourceTitle "playchess.com"]
[Source "ChessBase"]
[SourceQuality "1"]
[TimeControl "40/5400+30:1800+30"]

1. Nf3 {[%emt 0:00:00]} Nf6 {[%emt 0:00:00]} 2. g3 {[%emt 0:00:00]} g6 {[%emt 0:00:11]} 3. Bg2 {[%emt 0:00:03]} Bg7 {[%emt 0:00:10]} 4. O-O {[%emt 0:01:57]} O-O {[%emt 0:00:08]} 5. d3 {[%emt 0:00:06]} d5 {[%emt 0:01:52]} 6. Nbd2 {[%emt 0:01:15]} c5 {[%emt 0:00:12]} 7. e4 {[%emt 0:00:25]} Nc6 {[%emt 0:00:22]} 8. Re1 {[%emt 0:00:12]} e6 {[%emt 0:00:34]} 9. c3 {[%emt 0:01:35]} a5 {[%emt 0:03:23]} 10. e5 {[%emt 0:01:11]} Ng4 {[%emt 0:00:29]} 11. d4 {[%emt 0:00:34]} cxd4 {[%emt 0:00:19]} 12. cxd4 {[%emt 0:00:07]} f6 {[%emt 0:00:28]} 13. h3 {[%emt 0:23:31]} Nxf2 {[%emt 0:00:22]} 14. Kxf2 {[%emt 0:00:13]} fxe5 {[%emt 0:00:09]} 15. Kg1 {[%emt 0:05:13]} e4 {[%emt 0:00:56]} 16. Nxe4 {[%emt 0:12:50]} dxe4 {[%emt 0:00:11]} 17. Rxe4 {[%emt 0:00:06]} Rf5 {[%emt 0:10:57]} 18. Be3 {[%emt 0:06:57]} Rd5 {[%emt 0:02:24]} 19. Bf1 {[%emt 0:02:14]} Kh8 {[%emt 0:14:24]} 20. Bc4 {[%emt 0:01:56]} Rf5 {[%emt 0:00:14]} 21. Nh4 {[%emt 0:03:21]} Rf8 {[%emt 0:05:03]} 22. Qg4 {[%emt 0:02:28]} Qe8 {[%emt 0:22:04]} 23. Qe2 {[%emt 0:14:59]} Qd8 24. Qg4 Qd5 25. Bxd5 exd5 26. Nxg6+ hxg6 27. Qh4+ Kg8 1/2-1/2

[Event "11th Arad Open 2018"]
[Site "Arad"]
[Date "2018.08.12"]
[Round "9"]
[White "Craciun, Alexandru-Emilian"]
[Black "Abramciuc, Marius"]
[Result "1/2-1/2"]
[WhiteElo "2069"]
[BlackElo "2357"]
[Annotator "NA"]
[PlyCount "67"]
[EventDate "2018.08.05"]
[EventType "swiss"]
[EventCountry "ROU"]
[SourceTitle "playchess.com"]
[Source "ChessBase"]
[SourceQuality "1"]
[TimeControl "40/5400+30:1800+30"]

1. e4 {[%emt 0:00:00]} e5 {[%emt 0:00:00]} 2. Nf3 {[%emt 0:00:00]} Nc6 {[%emt 0:00:00]} 3. Bb5 {[%emt 0:00:00]} a6 {[%emt 0:00:00]} 4. Ba4 {[%emt 0:00:00]} Nf6 {[%emt 0:00:00]} 5. O-O {[%emt 0:00:09]} Be7 {[%emt 0:00:00]} 6. Re1 {[%emt 0:00:11]} b5 {[%emt 0:00:00]} 7. Bb3 {[%emt 0:00:08]} O-O {[%emt 0:00:00]} 8. c3 {[%emt 0:00:13]} d5 {[%emt 0:00:00]} 9. d3 $11 {[%emt 0:02:05] LiveBook: 16 Games} dxe4 {[%emt 0:06:16]} 10. dxe4 {[%emt 0:00:09]} Qxd1 {[%emt 0:00:02]} 11. Bxd1 {[%emt 0:00:38]} Bb7 {[%emt 0:02:37]} 12. Bc2 {[%emt 0:00:58]} h6 {[%emt 0:01:25]} 13. Nbd2 {[%emt 0:01:40]} Rfe8 {[%emt 0:00:18]} 14. Nb3 {[%emt 0:04:37]} Bf8 {[%emt 0:03:44]} 15. Be3 {[%emt 0:01:33]} Nb8 {[%emt 0:07:58]} 16. Bc5 {[%emt 0:02:16]} Nbd7 {[%emt 0:04:48]} 17. Bxf8 {[%emt 0:00:17]} Kxf8 {[%emt 0:00:04]} 18. Nfd2 {[%emt 0:06:33]} Rad8 {[%emt 0:03:59]} 19. a4 {[%emt 0:03:28]} c5 {[%emt 0:03:37]} 20. axb5 {[%emt 0:02:26]} axb5 {[%emt 0:00:03]} 21. Nf1 {[%emt 0:07:07]} c4 {[%emt 0:00:57]} 22. Na5 {[%emt 0:02:06]} Ba8 {[%emt 0:00:21]} 23. f3 {[%emt 0:00:40]} Nc5 {[%emt 0:00:41]} 24. b3 {[%emt 0:01:44]} cxb3 {[%emt 0:01:55]} 25. Nxb3 {[%emt 0:01:05]} Rc8 {[%emt 0:03:38]} 26. Ra5 {[%emt 0:09:24]} Nxb3 {[%emt 0:00:26]} 27. Bxb3 {[%emt 0:00:15]} Bc6 {[%emt 0:00:06]} 28. Ne3 {[%emt 0:02:09]} Ra8 {[%emt 0:06:41]} 29. Rea1 {[%emt 0:00:53]} Rxa5 {[%emt 0:00:04]} 30. Rxa5 {[%emt 0:00:03]} Rd8 {[%emt 0:01:57]} 31. Ra7 {[%emt 0:02:18]} Be8 {[%emt 0:00:18]} 32. Nd5 {[%emt 0:04:26]} Rc8 {[%emt 0:02:01]} 33. Nc7 Bd7 {[%emt 0:01:19]} 34. c4 {[%emt 0:03:48]} 1/2-1/2

[Event "11th Arad Open 2018"]
[Site "Arad"]
[Date "2018.08.12"]
[Round "9"]
[White "Solcanean, Serghei"]
[Black "Gheorghiu, Calin"]
[Result "0-1"]
[WhiteElo "2051"]
[BlackElo "2292"]
[Annotator "NA"]
[PlyCount "68"]
[EventDate "2018.08.05"]
[EventType "swiss"]
[EventCountry "ROU"]
[SourceTitle "playchess.com"]
[Source "ChessBase"]
[SourceQuality "1"]
[TimeControl "40/5400+30:1800+30"]

1. e4 {[%emt 0:06:55]} e6 {[%emt 0:00:18]} 2. d4 {[%emt 0:00:06]} d5 {[%emt 0:00:05]} 3. Nc3 {[%emt 0:00:05]} Nf6 {[%emt 0:00:16]} 4. Bg5 {[%emt 0:00:07]} dxe4 {[%emt 0:01:11]} 5. Nxe4 {[%emt 0:00:15]} Be7 {[%emt 0:00:03]} 6. Bxf6 {[%emt 0:00:24]} gxf6 {[%emt 0:00:05]} 7. Nf3 {[%emt 0:00:09]} a6 {[%emt 0:02:40]} 8. c3 {[%emt 0:00:41]} b6 {[%emt 0:03:16]} 9. Bd3 {[%emt 0:00:48]} Bb7 {[%emt 0:00:17]} 10. Qe2 {[%emt 0:00:48]} Nd7 {[%emt 0:02:28]} 11. O-O-O {[%emt 0:00:13]} O-O {[%emt 0:11:08]} 12. h4 {[%emt 0:00:57]} f5 {[%emt 0:01:36]} 13. Ned2 c5 {[%emt 0:01:22]} 14. Nb3 {[%emt 0:03:03]} Qc7 {[%emt 0:01:24]} 15. dxc5 {[%emt 0:00:47]} Bxf3 {[%emt 0:06:54]} 16. Qxf3 {[%emt 0:01:20]} bxc5 {[%emt 0:00:18]} 17. Nd2 {[%emt 0:16:43]} Qa5 {[%emt 0:02:25]} 18. Bb1 {[%emt 0:02:10]} Nf6 {[%emt 0:02:42]} 19. Nc4 {[%emt 0:04:51]} Qb5 {[%emt 0:03:48]} 20. Qe2 {[%emt 0:03:14]} Rfd8 {[%emt 0:03:50]} 21. Bxf5 {[%emt 0:02:47]} Kf8 {[%emt 0:03:52]} 22. Bd3 {[%emt 0:00:50]} Rab8 {[%emt 0:01:32]} 23. g4 {[%emt 0:03:01]} Nd5 {[%emt 0:01:30]} 24. Qe4 {[%emt 0:03:27]} Bf6 {[%emt 0:01:58]} 25. Rd2 {[%emt 0:03:02]} Qa4 {[%emt 0:05:24]} 26. Bb1 {[%emt 0:09:02]} Bxc3 {[%emt 0:00:05]} 27. Rc2 {[%emt 0:03:00]} Bd4 {[%emt 0:05:03]} 28. b3 {[%emt 0:02:17]} Qb4 {[%emt 0:00:18]} 29. Qxh7 {[%emt 0:00:53]} Nc3 {[%emt 0:02:20]} 30. g5 {[%emt 0:07:10]} Bg7 {[%emt 0:01:51]} 31. Rd2 {[%emt 0:05:40]} Rxd2 {[%emt 0:03:21]} 32. Nxd2 {[%emt 0:00:21]} Rd8 {[%emt 0:00:33]} 33. Qc2 {[%emt 0:03:49]} Qa3+ {[%emt 0:00:13]} 34. Qb2 {[%emt 0:00:09]} Nxa2+ {[%emt 0:00:12]} 0-1